000 00396 a2200133 4500
001 91944
082 _aPR 1749
090 _c43891
_d43890
100 _aUmair; Prof Jahangir Kayani, Advisor
245 _aDesign and Simulation of Radar Warning Receiver in Advanced Design Systems (ADS) software
_n65 "B" EC
260 _aRawalpindi
_bNUST
_c2008
300 _a139p
500 _aBE Project Reports
942 _aCAE NUST
_kPR 1749
999 _c327017
_d327017